000 00294nam a22001337a 4500
008 171030b xxu||||| |||| 00| 0 eng d
020 _a9780631208228
041 _aeng
080 _a336
100 _a57
101 _aFIN
245 _aDISCUSSING THE REVOLUTION
_cCHEW, D.H
942 _2udc
_cBK
999 _c36439
_d36439